[Event "FIDE World Senior Team Championship 2020"]
[Site "Olympik hotel, Sokolovska 138,"]
[Date "2020.03.06"]
[Round "1.20"]
[White "Araya Umana, Carlos"]
[Black "Strauss, Peter"]
[Result "1-0"]
[WhiteElo "1914"]
[BlackElo "1841"]
[PlyCount "171"]
[EventDate "2020.03.06"]
[WhiteTeam "CRC"]
[BlackTeam "GER10"]

1. Nf3 d5 2. b3 Nf6 3. Bb2 c5 4. g3 Nc6 5. Bg2 e6 6. O-O Bd6 7. d4 O-O 8. c4
dxc4 9. bxc4 Qb6 10. Qb3 Nd7 11. e3 Re8 12. Nbd2 e5 13. d5 Qxb3 14. axb3 Nb4
15. Ne4 Bf8 16. Rfd1 f5 17. Nc3 a6 18. Nb5 Rb8 19. Nc7 Rd8 20. Ne6 Re8 21. Nxf8
Kxf8 22. Ng5 Nf6 23. Bc3 h6 24. Nf3 e4 25. Ne1 Rd8 26. Bxb4 cxb4 27. Nc2 Nd7
28. Nxb4 Nc5 29. Rab1 Bd7 30. f3 Re8 31. f4 Rec8 32. Bf1 Ra8 33. Nc2 a5 34. Nd4
Ra6 35. Rd2 Ke7 36. Ra2 Rca8 37. h3 h5 38. Be2 g6 39. Kf2 Kf7 40. Rg1 Rb6 41.
Rga1 Rba6 42. g4 hxg4 43. hxg4 Kf6 44. Rh1 Kg7 45. gxf5 gxf5 46. Raa1 Rg8 47.
Rag1+ Kf8 48. Rxg8+ Kxg8 49. Rh5 Rf6 50. Rg5+ Kf8 51. Bh5 Ke7 52. Ke2 Rb6 53.
Rg7+ Kf8 54. Rf7+ Kg8 55. Nxf5 Bxf5 56. Rxf5 Nxb3 57. Rg5+ Kf8 58. Kd1 a4 59.
Rg2 Rh6 60. Bg4 Rh1+ 61. Kc2 Rc1+ 62. Kb2 Rxc4 63. d6 Rc6 64. d7 Rd6 65. Rc2
Ke7 66. Rc8 Rxd7 67. Bxd7 Kxd7 68. Rc4 b5 69. Rxe4 Nc5 70. Rd4+ Ke6 71. Ka3 Nb7
72. Kb4 Nd6 73. e4 Ke7 74. Kc5 Nb7+ 75. Kxb5 a3 76. Kb4 a2 77. Rd1 Nd6 78. e5
Ne4 79. Ra1 Nf2 80. Kc4 Ke6 81. Rxa2 Nh3 82. Ra6+ Kf5 83. Rf6+ Ke4 84. e6 Nxf4
85. Rxf4+ Kxf4 86. e7 1-0

[Event "FIDE World Senior Team Championship 2020"]
[Site "Olympik hotel, Sokolovska 138,"]
[Date "2020.03.06"]
[Round "1.20"]
[White "Baumgarten, Werner"]
[Black "Saenz Forero, Fernando"]
[Result "0-1"]
[WhiteElo "1769"]
[BlackElo "1524"]
[PlyCount "126"]
[EventDate "2020.03.06"]
[WhiteTeam "GER10"]
[BlackTeam "CRC"]

1. d4 c6 2. c4 d6 3. Nc3 Qc7 4. e4 e5 5. d5 c5 6. f4 exf4 7. Bxf4 Nf6 8. Bd3
Nbd7 9. Nf3 Be7 10. O-O O-O 11. Qd2 a6 12. Rad1 Ng4 13. b3 Bf6 14. h3 Nge5 15.
Bc2 Nxf3+ 16. Rxf3 Ne5 17. Rg3 Re8 18. Rf1 Bh4 19. Bxe5 Rxe5 20. Rgf3 Bg5 21.
Qf2 Bf6 22. Ne2 Qe7 23. Kh2 Bd7 24. Nf4 Rf8 25. g4 g6 26. Qd2 Bg7 27. Qd3 Bh6
28. Ng2 Bg7 29. Qd2 Qd8 30. Qf2 Qe7 31. Rf4 Rg5 32. Rf3 Bd4 33. Qd2 Be5+ 34.
Kh1 h5 35. gxh5 Rxh5 36. Nf4 Bxf4 37. Qxf4 Bxh3 38. Rxh3 Rxh3+ 39. Kg2 Rh5 40.
Bd1 Qg5+ 41. Bg4 Qxf4 42. Rxf4 Re5 43. Bf3 Kg7 44. Kg3 Rh8 45. Rg4 b5 46. cxb5
axb5 47. Be2 b4 48. Bb5 Rh1 49. Kf4 Rh2 50. Bc4 Rxa2 51. Kf3 Rh5 52. Rg1 f6 53.
Re1 Rhh2 54. Kg3 Rhf2 55. Re3 Rfc2 56. Re1 Ra3 57. Kf4 Raa2 58. Kf3 Rf2+ 59.
Kg3 Rg2+ 60. Kf3 Raf2+ 61. Ke3 g5 62. Ra1 g4 63. Ra6 Rf3# 0-1

[Event "FIDE World Senior Team Championship 2020"]
[Site "Olympik hotel, Sokolovska 138,"]
[Date "2020.03.06"]
[Round "1.21"]
[White "Niebuhr, Gerd"]
[Black "Franzen, Thomas"]
[Result "1/2-1/2"]
[WhiteElo "1927"]
[BlackElo "1987"]
[PlyCount "31"]
[EventDate "2020.03.06"]
[WhiteTeam "GER11"]
[BlackTeam "SWE4"]

1. d4 Nf6 2. c4 g6 3. Nc3 Bg7 4. e4 d6 5. Nf3 O-O 6. Be2 e5 7. dxe5 dxe5 8.
Qxd8 Rxd8 9. Bg5 Re8 10. Nd5 Nxd5 11. cxd5 c6 12. O-O cxd5 13. exd5 h6 14. Be3
Nd7 15. Rfd1 Nb6 16. Bb5 1/2-1/2

[Event "FIDE World Senior Team Championship 2020"]
[Site "Olympik hotel, Sokolovska 138,"]
[Date "2020.03.06"]
[Round "1.21"]
[White "Isaxon, Alf"]
[Black "Juergens, Peter"]
[Result "1/2-1/2"]
[WhiteElo "1949"]
[BlackElo "1843"]
[PlyCount "26"]
[EventDate "2020.03.06"]
[WhiteTeam "SWE4"]
[BlackTeam "GER11"]

1. e4 e6 2. d4 d5 3. Nc3 Bb4 4. Bd2 Ne7 5. e5 O-O 6. Nf3 f5 7. exf6 Rxf6 8. Bd3
Nd7 9. Ne5 Nxe5 10. dxe5 Rf8 11. Qg4 c5 12. O-O-O Bd7 13. Ne2 Bxd2+ 1/2-1/2

[Event "FIDE World Senior Team Championship 2020"]
[Site "Olympik hotel, Sokolovska 138,"]
[Date "2020.03.06"]
[Round "1.21"]
[White "Hellwege, Werner"]
[Black "Johansson, Bjorn"]
[Result "0-1"]
[WhiteElo "1825"]
[BlackElo "1949"]
[PlyCount "46"]
[EventDate "2020.03.06"]
[WhiteTeam "GER11"]
[BlackTeam "SWE4"]

1. d4 Nf6 2. Nf3 g6 3. g3 Bg7 4. Bg2 d6 5. O-O O-O 6. c4 Nbd7 7. Nc3 e5 8. dxe5
dxe5 9. e4 c6 10. Be3 Qc7 11. h3 Re8 12. Qc2 Bf8 13. a3 a5 14. Rab1 Nc5 15. b4
Ne6 16. c5 axb4 17. axb4 Bd7 18. Na4 Red8 19. Nb6 Ra6 20. Rfd1 Be8 21. Rxd8
Nxd8 22. Qc3 Nxe4 23. Nxe5 Nxc3 0-1

[Event "FIDE World Senior Team Championship 2020"]
[Site "Olympik hotel, Sokolovska 138,"]
[Date "2020.03.06"]
[Round "1.21"]
[White "Johansson, Bertil"]
[Black "Fritsch, Juergen"]
[Result "1/2-1/2"]
[WhiteElo "1876"]
[BlackElo "1793"]
[PlyCount "98"]
[EventDate "2020.03.06"]
[WhiteTeam "SWE4"]
[BlackTeam "GER11"]

1. c4 e5 2. Nc3 Nc6 3. g3 Nf6 4. Bg2 Bb4 5. Nd5 O-O 6. a3 Be7 7. e3 d6 8. Ne2
Bf5 9. d3 h6 10. e4 Bd7 11. O-O Nxd5 12. cxd5 Nb8 13. Be3 Bg5 14. f4 exf4 15.
gxf4 Bh4 16. Qd2 Bg4 17. Kh1 Qc8 18. Rac1 c5 19. Rg1 Nd7 20. b4 Be7 21. Nd4 Qd8
22. Nf3 Rc8 23. h3 Bh5 24. d4 c4 25. Nh2 Kh7 26. Bf3 Bxf3+ 27. Nxf3 f5 28. exf5
Rxf5 29. Rxc4 Rxc4 30. Qd3 g6 31. Qxc4 Nb6 32. Qd3 Nxd5 33. Qe4 Qd7 34. Kh2 Nf6
35. Qc2 Nd5 36. Bd2 Bf6 37. Qe4 Qe7 38. Re1 Qxe4 39. Rxe4 g5 40. Kg3 Kg6 41.
fxg5 hxg5 42. Re6 Nb6 43. h4 Kf7 44. Re4 gxh4+ 45. Nxh4 Rd5 46. Nf3 Nc4 47. Bc1
b5 48. Kf2 a5 49. Ke2 a4 1/2-1/2

[Event "FIDE World Senior Team Championship 2020"]
[Site "Olympik hotel, Sokolovska 138,"]
[Date "2020.03.06"]
[Round "1.22"]
[White "Holst, Per"]
[Black "Juricek, Stanislav"]
[Result "0-1"]
[WhiteElo "2152"]
[BlackElo "2037"]
[PlyCount "98"]
[EventDate "2020.03.06"]
[WhiteTeam "DEN"]
[BlackTeam "CZE10"]

1. d4 Nf6 2. c4 e6 3. Nf3 d5 4. g3 dxc4 5. Qa4+ Bd7 6. Qxc4 Bc6 7. Bg2 Nbd7 8.
O-O Be7 9. Nc3 O-O 10. Qd3 a6 11. Rd1 b5 12. a3 Bb7 13. b4 c6 14. e4 a5 15. Rb1
axb4 16. axb4 h6 17. h3 Ra6 18. Qe2 Re8 19. Be3 Ra3 20. Qb2 Qa8 21. Ra1 Bxb4
22. Rxa3 Qxa3 23. Qxa3 Bxa3 24. Ne5 Bb2 25. Nxd7 Nxd7 26. Ne2 Ra8 27. Rb1 Ra1
28. Rxa1 Bxa1 29. f4 Bb2 30. Nc1 c5 31. dxc5 Nxc5 32. Bxc5 Bxc1 33. Bf1 Bc6 34.
Bd3 Bd2 35. Kf2 b4 36. Ke2 Bc3 37. Bc2 Bb5+ 38. Ke3 Bc4 39. Bd3 Bb3 40. Bd4 Be1
41. g4 f6 42. Ke2 Bc3 43. Ke3 e5 44. Bc5 exf4+ 45. Kxf4 Be6 46. Ke3 g5 47. Bb1
Kg7 48. Kd3 h5 49. gxh5 Kh6 0-1

[Event "FIDE World Senior Team Championship 2020"]
[Site "Olympik hotel, Sokolovska 138,"]
[Date "2020.03.06"]
[Round "1.22"]
[White "Martinak, Cyril"]
[Black "Christiansen, Jens Jorgen"]
[Result "1/2-1/2"]
[WhiteElo "1801"]
[BlackElo "2042"]
[PlyCount "49"]
[EventDate "2020.03.06"]
[WhiteTeam "CZE10"]
[BlackTeam "DEN"]

1. e4 c6 2. d4 d5 3. exd5 cxd5 4. c4 Nf6 5. Nf3 g6 6. Nc3 Bg7 7. cxd5 O-O 8.
Bc4 Nbd7 9. O-O Nb6 10. Bb3 Nbxd5 11. Bg5 Nxc3 12. bxc3 Ne4 13. Qe1 Nxg5 14.
Nxg5 e6 15. f4 Qc7 16. Rd1 Bd7 17. c4 a5 18. c5 a4 19. Bc2 h6 20. Nf3 Bb5 21.
Rf2 b6 22. Be4 Bc6 23. cxb6 Qxb6 24. Rb1 Qa6 25. Ne5 1/2-1/2

[Event "FIDE World Senior Team Championship 2020"]
[Site "Olympik hotel, Sokolovska 138,"]
[Date "2020.03.06"]
[Round "1.22"]
[White "Christiansen, Arne"]
[Black "Novak, Josef"]
[Result "1/2-1/2"]
[WhiteElo "2016"]
[BlackElo "1831"]
[PlyCount "66"]
[EventDate "2020.03.06"]
[WhiteTeam "DEN"]
[BlackTeam "CZE10"]

1. d4 d5 2. c4 c6 3. Nf3 Nf6 4. e3 e6 5. Nc3 Bb4 6. Bd3 O-O 7. O-O Nbd7 8. Bd2
dxc4 9. Bxc4 c5 10. a3 Bxc3 11. Bxc3 Ne4 12. Be1 b6 13. Bd3 Bb7 14. Qc2 Ndf6
15. Rd1 Qc8 16. Nd2 Nxd2 17. Bxd2 Qc6 18. f3 cxd4 19. exd4 Rac8 20. Qxc6 Bxc6
21. Kf2 Rfd8 22. Bg5 Ba4 23. Rd2 Rd7 24. Bxf6 gxf6 25. Ke3 f5 26. g3 Kg7 27. f4
h5 28. Be2 Rh8 29. h4 Kg6 30. Rc1 Bb3 31. Rc3 Bd5 32. Bb5 Rd6 33. Rc7 a5
1/2-1/2

[Event "FIDE World Senior Team Championship 2020"]
[Site "Olympik hotel, Sokolovska 138,"]
[Date "2020.03.06"]
[Round "1.22"]
[White "Vlachopulos, Elefteris"]
[Black "Jorgensen, Jorgen"]
[Result "0-1"]
[WhiteElo "1709"]
[BlackElo "2150"]
[PlyCount "48"]
[EventDate "2020.03.06"]
[WhiteTeam "CZE10"]
[BlackTeam "DEN"]

1. d4 f5 2. g3 Nf6 3. Bg2 g6 4. c4 Bg7 5. Nc3 d6 6. Nf3 O-O 7. O-O c6 8. Qb3
Kh8 9. Rd1 Na6 10. h4 Qe8 11. e3 Nc7 12. Bd2 h6 13. Rac1 Ne6 14. Qa3 Bd7 15. b3
Qf7 16. Ne1 g5 17. hxg5 hxg5 18. Nd3 Qh5 19. f3 f4 20. exf4 Nxd4 21. fxg5 Nxf3+
22. Bxf3 Qxf3 23. Bf4 Ng4 24. Rd2 Bd4+ 0-1

[Event "FIDE World Senior Team Championship 2020"]
[Site "Olympik hotel, Sokolovska 138,"]
[Date "2020.03.06"]
[Round "1.23"]
[White "Koudelka, Ivan"]
[Black "Waschk, Armin"]
[Result "0-1"]
[WhiteElo "1964"]
[BlackElo "2165"]
[PlyCount "58"]
[EventDate "2020.03.06"]
[WhiteTeam "CZE11"]
[BlackTeam "GER8"]

1. d4 Nf6 2. Nc3 d5 3. Bg5 Nbd7 4. Qd3 h6 5. Bh4 c6 6. e4 dxe4 7. Nxe4 Nxe4 8.
Qxe4 Qa5+ 9. c3 f5 10. b4 Qa3 11. Qc2 g5 12. Bd3 Nf6 13. Nf3 gxh4 14. Ne5 Nd5
15. Rc1 Nf4 16. Bc4 e6 17. g3 Nd5 18. Be2 Rg8 19. O-O Nb6 20. Rfe1 Kd8 21. Qd2
Nd5 22. Nc4 Qa4 23. Nb2 Qxa2 24. Bc4 Qa3 25. Bxd5 cxd5 26. Re3 hxg3 27. fxg3
Be7 28. Nd3 Bg5 29. Nc5 b6 0-1

[Event "FIDE World Senior Team Championship 2020"]
[Site "Olympik hotel, Sokolovska 138,"]
[Date "2020.03.06"]
[Round "1.23"]
[White "Luethke, Hans-Eckart"]
[Black "Urban, Miroslav"]
[Result "1-0"]
[WhiteElo "2091"]
[BlackElo "1807"]
[PlyCount "89"]
[EventDate "2020.03.06"]
[WhiteTeam "GER8"]
[BlackTeam "CZE11"]

1. e4 e5 2. Nf3 Nc6 3. d4 exd4 4. Nxd4 Bc5 5. Be3 Qf6 6. c3 Nge7 7. Bc4 Ne5 8.
Be2 Qg6 9. O-O O-O 10. Nd2 d6 11. Bh5 Qf6 12. b4 Bb6 13. f4 N5c6 14. Nc4 Be6
15. Nxb6 axb6 16. Nxe6 Qxe6 17. Qc2 f5 18. Bf3 Rad8 19. Rae1 Qc4 20. Qb3 Qxb3
21. axb3 fxe4 22. Bxe4 d5 23. Bd3 Nf5 24. Bf2 Nd6 25. g3 Rfe8 26. Kg2 Ne4 27.
b5 Nxf2 28. Rxe8+ Rxe8 29. Kxf2 Nd8 30. Bc2 Nf7 31. Rd1 Rd8 32. Kf3 g6 33. b4
Kf8 34. Bb3 Nd6 35. Rxd5 Nf7 36. Rxd8+ Nxd8 37. h4 c6 38. Ba4 c5 39. Bb3 Ke7
40. g4 h6 41. Ke4 cxb4 42. cxb4 Kf6 43. g5+ hxg5 44. hxg5+ Ke7 45. Ke5 1-0

[Event "FIDE World Senior Team Championship 2020"]
[Site "Olympik hotel, Sokolovska 138,"]
[Date "2020.03.06"]
[Round "1.23"]
[White "Chybny, Zdenek"]
[Black "Schulz, Michael"]
[Result "0-1"]
[WhiteElo "1776"]
[BlackElo "2122"]
[PlyCount "56"]
[EventDate "2020.03.06"]
[WhiteTeam "CZE11"]
[BlackTeam "GER8"]

1. c4 e5 2. Nc3 Nf6 3. g3 d5 4. cxd5 Nxd5 5. Bg2 Nb6 6. Nf3 Nc6 7. O-O Be7 8.
d3 O-O 9. Be3 Be6 10. Rc1 f5 11. a3 a5 12. Na4 e4 13. Ne1 Nd5 14. Bc5 Nf6 15.
Bxe7 Nxe7 16. Nc3 Nfd5 17. Nxd5 Bxd5 18. d4 c6 19. e3 Ra6 20. Nc2 Qb6 21. b4
axb4 22. axb4 Ra2 23. Ra1 Rfa8 24. Qd2 Qb5 25. Rxa2 Rxa2 26. Ra1 Qa4 27. Rxa2
Qxa2 28. Qc3 Bb3 0-1

[Event "FIDE World Senior Team Championship 2020"]
[Site "Olympik hotel, Sokolovska 138,"]
[Date "2020.03.06"]
[Round "1.23"]
[White "Pamperin, Gerhard"]
[Black "Nigrin, Jiri"]
[Result "1/2-1/2"]
[WhiteElo "1944"]
[BlackElo "1490"]
[PlyCount "65"]
[EventDate "2020.03.06"]
[WhiteTeam "GER8"]
[BlackTeam "CZE11"]

1. d4 Nf6 2. Nf3 g6 3. c4 Bg7 4. Nc3 d6 5. e4 O-O 6. Be2 Nbd7 7. O-O b6 8. Bd2
Bb7 9. Qc2 e6 10. h3 c5 11. d5 exd5 12. exd5 a6 13. a4 Re8 14. Rfe1 Ne5 15.
Nxe5 Rxe5 16. Bd3 Rxe1+ 17. Rxe1 Qd7 18. Qb3 Qc7 19. Bf4 Nd7 20. Ne4 Be5 21.
Bh6 Bg7 22. Be3 Re8 23. Re2 Ne5 24. Bf4 Bc8 25. Nd2 Bd7 26. Bxe5 Rxe5 27. Rxe5
Bxe5 28. Nf3 Bg7 29. Qc2 Qd8 30. b3 Qf6 31. Be4 Qa1+ 32. Qb1 Qxb1+ 33. Bxb1
1/2-1/2

[Event "FIDE World Senior Team Championship 2020"]
[Site "Olympik hotel, Sokolovska 138,"]
[Date "2020.03.06"]
[Round "1.24"]
[White "Beilfuss, Wilfried"]
[Black "Koper, Stefan"]
[Result "1/2-1/2"]
[WhiteElo "2205"]
[BlackElo "1820"]
[PlyCount "56"]
[EventDate "2020.03.06"]
[WhiteTeam "GER9"]
[BlackTeam "CZE12"]

1. c4 g6 2. d4 Bg7 3. e4 d6 4. Nc3 Nc6 5. Be3 e5 6. Nge2 Bg4 7. f3 Bd7 8. Qd2
a6 9. d5 Nce7 10. g4 f5 11. Rg1 f4 12. Bf2 g5 13. c5 Nf6 14. O-O-O Kf7 15. Kb1
Ng6 16. Nc1 h5 17. h3 hxg4 18. fxg4 Nh4 19. Qd3 Bf8 20. Nb3 Bc8 21. Be2 Nd7 22.
c6 bxc6 23. dxc6 Nf6 24. Rc1 Be7 25. Nd2 Be6 26. Bxh4 gxh4 27. Nf3 Kg7 28. Rcd1
Qg8 1/2-1/2

[Event "FIDE World Senior Team Championship 2020"]
[Site "Olympik hotel, Sokolovska 138,"]
[Date "2020.03.06"]
[Round "1.24"]
[White "Konvalinka, Vladislav"]
[Black "Becker, Norbert"]
[Result "1/2-1/2"]
[WhiteElo "1722"]
[BlackElo "2107"]
[PlyCount "51"]
[EventDate "2020.03.06"]
[WhiteTeam "CZE12"]
[BlackTeam "GER9"]

1. d4 Nf6 2. c4 e6 3. g3 d5 4. Bg2 c6 5. Nf3 Be7 6. O-O O-O 7. Qc2 Ne4 8. Nfd2
f5 9. Nxe4 dxe4 10. Rd1 Nd7 11. f3 exf3 12. exf3 e5 13. Be3 Qc7 14. Nc3 Nf6 15.
dxe5 Qxe5 16. Re1 Qa5 17. a3 Bc5 18. b4 Bxe3+ 19. Rxe3 Qc7 20. f4 Bd7 21. Rae1
Rae8 22. c5 Rxe3 23. Rxe3 Qd8 24. Qa2+ Kh8 25. Qe2 Re8 26. Rxe8+ 1/2-1/2

[Event "FIDE World Senior Team Championship 2020"]
[Site "Olympik hotel, Sokolovska 138,"]
[Date "2020.03.06"]
[Round "1.24"]
[White "Mueller, Gerhard"]
[Black "Valtera, Jiri"]
[Result "1-0"]
[WhiteElo "2095"]
[BlackElo "1865"]
[PlyCount "69"]
[EventDate "2020.03.06"]
[WhiteTeam "GER9"]
[BlackTeam "CZE12"]

1. d4 Nf6 2. Nc3 e6 3. e4 d5 4. Bg5 Be7 5. e5 Nfd7 6. Bxe7 Qxe7 7. f4 a6 8. Nf3
c5 9. dxc5 Qxc5 10. Qd4 Nc6 11. Qxc5 Nxc5 12. Bd3 Bd7 13. O-O-O Nxd3+ 14. cxd3
Ke7 15. Rhe1 b5 16. Ne2 h6 17. Ned4 Nxd4 18. Nxd4 g5 19. g3 gxf4 20. gxf4 Rhg8
21. Rg1 Rg6 22. Rxg6 fxg6 23. Kd2 Rc8 24. h4 b4 25. Rc1 Rxc1 26. Kxc1 a5 27.
Nb3 a4 28. Nd4 Kd8 29. Kd2 Kc7 30. Nc2 b3 31. axb3 axb3 32. Nd4 Kb6 33. Kc3 Kc5
34. Nxb3+ Kb6 35. Kb4 1-0

[Event "FIDE World Senior Team Championship 2020"]
[Site "Olympik hotel, Sokolovska 138,"]
[Date "2020.03.06"]
[Round "1.24"]
[White "Lansky, Petr"]
[Black "Thoele, Wolfgang"]
[Result "0-1"]
[WhiteElo "1582"]
[BlackElo "1875"]
[PlyCount "52"]
[EventDate "2020.03.06"]
[WhiteTeam "CZE12"]
[BlackTeam "GER9"]

1. e4 e5 2. Nc3 Nf6 3. f4 d6 4. Nf3 Bg4 5. Be2 Nc6 6. O-O Bxf3 7. Bxf3 Nd4 8.
d3 Be7 9. f5 c6 10. Kh1 Qc7 11. Be3 g6 12. fxg6 hxg6 13. Bf2 O-O-O 14. a4 Rh7
15. b4 Rdh8 16. Bg1 Kb8 17. Ra2 d5 18. Rb2 dxe4 19. dxe4 Nxf3 20. Qxf3 Nh5 21.
Qe3 b6 22. b5 Bc5 23. Qf3 Bxg1 24. Kxg1 Nf4 25. h3 cxb5 26. Rxb5 Qxc3 0-1

[Event "FIDE World Senior Team Championship 2020"]
[Site "Olympik hotel, Sokolovska 138,"]
[Date "2020.03.06"]
[Round "1.25"]
[White "Patola, Eero"]
[Black "Huss, Andreas"]
[Result "0-1"]
[WhiteElo "1809"]
[BlackElo "2253"]
[PlyCount "88"]
[EventDate "2020.03.06"]
[WhiteTeam "FIN3"]
[BlackTeam "SUI"]

1. c4 e6 2. Nc3 Bb4 3. e4 Ne7 4. Nge2 O-O 5. a3 Bxc3 6. Nxc3 c5 7. g3 Nbc6 8.
Bg2 e5 9. O-O d6 10. d3 a6 11. h3 Rb8 12. Rb1 b5 13. cxb5 axb5 14. Ne2 b4 15.
a4 b3 16. Bd2 Be6 17. f4 f6 18. f5 Bf7 19. g4 Qc8 20. Ng3 Qa6 21. g5 Kh8 22.
gxf6 gxf6 23. Bh6 Rg8 24. Nh5 Bxh5 25. Qxh5 Qxd3 26. Qh4 Rxg2+ 27. Kxg2 Ng8 28.
Rbd1 Qe2+ 29. Kh1 Rb7 30. Rde1 Qxb2 31. Rg1 Rf7 32. Rg2 Qd4 33. Be3 Qc3 34.
Reg1 Nce7 35. Qg4 h6 36. Bd2 Qc4 37. Qh4 Rh7 38. a5 b2 39. Qg4 h5 40. Qf3 Qc2
41. Qf1 Qxe4 42. a6 Rg7 43. Kh2 b1=Q 44. Qxb1 Rxg2+ 0-1

[Event "FIDE World Senior Team Championship 2020"]
[Site "Olympik hotel, Sokolovska 138,"]
[Date "2020.03.06"]
[Round "1.25"]
[White "Hohler, Peter"]
[Black "Virtanen, Esko"]
[Result "1-0"]
[WhiteElo "2057"]
[BlackElo "1723"]
[PlyCount "73"]
[EventDate "2020.03.06"]
[WhiteTeam "SUI"]
[BlackTeam "FIN3"]

1. d4 d5 2. c4 Nf6 3. cxd5 Nxd5 4. Nf3 Bf5 5. Qb3 Bxb1 6. Rxb1 Nb6 7. e4 e6 8.
Be3 c6 9. Bd3 Be7 10. O-O O-O 11. Rfd1 Qc7 12. Rbc1 N8d7 13. Bb1 Rac8 14. d5
exd5 15. exd5 c5 16. Qd3 g6 17. d6 c4 18. Qd4 Bf6 19. dxc7 Bxd4 20. Nxd4 Rxc7
21. Nb5 Rc6 22. Nxa7 Re6 23. Nb5 Ne5 24. Nc7 Rc6 25. Nd5 Nc8 26. h3 b5 27. a3
Ra6 28. Bc5 Nd7 29. Bxf8 Nxf8 30. Nb4 Re6 31. Re1 Rd6 32. Rcd1 Ne6 33. Rxd6
Nxd6 34. Rd1 Nb7 35. Bc2 Nbc5 36. Nd5 Kg7 37. Nc3 1-0

[Event "FIDE World Senior Team Championship 2020"]
[Site "Olympik hotel, Sokolovska 138,"]
[Date "2020.03.06"]
[Round "1.25"]
[White "Walta, Paivi"]
[Black "Kradolfer, Georg"]
[Result "1/2-1/2"]
[WhiteElo "1681"]
[BlackElo "1991"]
[PlyCount "57"]
[EventDate "2020.03.06"]
[WhiteTeam "FIN3"]
[BlackTeam "SUI"]

1. e4 c6 2. d4 d5 3. Nc3 dxe4 4. Nxe4 Bf5 5. Ng3 Bg6 6. Nf3 Nd7 7. h4 h6 8. Bc4
e6 9. Qe2 Ngf6 10. h5 Bh7 11. Bb3 Bd6 12. Ne5 Bxe5 13. dxe5 Qa5+ 14. c3 Qxe5
15. f4 Qxe2+ 16. Nxe2 O-O-O 17. Be3 Kb8 18. g3 Be4 19. Rh4 Bd5 20. Bc2 b6 21.
a4 Be4 22. Bd1 c5 23. a5 Nd5 24. Bf2 Nc7 25. axb6 axb6 26. Ra4 Bd3 27. Nc1 Bb5
28. Ra3 Bc4 29. f5 1/2-1/2

[Event "FIDE World Senior Team Championship 2020"]
[Site "Olympik hotel, Sokolovska 138,"]
[Date "2020.03.06"]
[Round "1.25"]
[White "Staechelin, Ruedi"]
[Black "Lindholm, Pertti"]
[Result "1-0"]
[WhiteElo "1994"]
[BlackElo "1618"]
[PlyCount "107"]
[EventDate "2020.03.06"]
[WhiteTeam "SUI"]
[BlackTeam "FIN3"]

1. e4 c5 2. Nf3 d6 3. Bb5+ Bd7 4. Bxd7+ Nxd7 5. O-O Ngf6 6. Re1 g6 7. c3 Bg7 8.
d4 cxd4 9. cxd4 O-O 10. Nc3 Nb6 11. h3 Rc8 12. Bg5 Nfd7 13. Rc1 f6 14. Bh4 Nc4
15. b3 Na5 16. Qd2 b6 17. Bg3 Rf7 18. Nd5 Nc6 19. Rc2 e6 20. Ne3 Qf8 21. Rec1
Ndb8 22. d5 exd5 23. exd5 Ne7 24. Bxd6 Rxc2 25. Qxc2 Qd8 26. Qc7 Qxc7 27. Rxc7
Bf8 28. Rb7 Na6 29. Rxa7 Nc8 30. Rxf7 Kxf7 31. Bxf8 Kxf8 32. Nd4 Ke7 33. Nc4
Nb4 34. Nc6+ Nxc6 35. dxc6 Kd8 36. b4 b5 37. Na5 Kc7 38. Kf1 Ne7 39. Ke2 Nd5
40. a3 Nc3+ 41. Kd3 Nb1 42. Kc2 Nxa3+ 43. Kb3 Nb1 44. Kc2 Na3+ 45. Kb2 Nc4+ 46.
Nxc4 bxc4 47. Kc3 Kxc6 48. Kxc4 f5 49. f4 h6 50. h4 h5 51. b5+ Kd6 52. Kd4 Ke6
53. Kc5 Kd7 54. Kb6 1-0